|
|
|
|
| LEADER |
00000nam a22000007a 4500 |
| 005 |
20200422153536.0 |
| 007 |
cr|||| |||| |
| 008 |
200422s2019 es |||||s|||| 00||0 spa d |
| 020 |
|
|
|a 978-84-1324-527-0
|
| 035 |
|
|
|a 31438
|
| 040 |
|
|
|a vLex
|
| 090 |
|
|
|c 10325
|d 10325
|
| 100 |
1 |
|
|a Arrieta Idiakez, Francisco Javier
|
| 245 |
1 |
2 |
|a La baja como causa de finalizacin̤ de la relacin̤ societaria entre la persona socia y la sociedad cooperativa
|h [Recurso electrn̤ico] /
|c Francisco Javier Arrieta Idiakez
|
| 256 |
|
|
|a Servicio en ln̕ea
|
| 260 |
|
|
|a Madrid:
|b Dykinson,
|c 2019
|
| 300 |
|
|
|a 1 recurso electrn̤ico
|
| 506 |
1 |
|
|a Disponible solo en los productos indicados
|d vLex Global
|d vLex Global (Academic Edition, excluding Law Schools)
|d vLex Global (U.S. Academic Edition, Law Schools)
|d vLex Global (U.S. Academic Edition, excluding Law Schools)
|d vLex Global (Academic Edition, Law Schools)
|
| 650 |
0 |
4 |
|a Derecho Mercantil y de la Empresa
|z Espaą
|
| 740 |
0 |
|
|a vLex Libros (Servicio en ln̕ea)
|
| 856 |
4 |
0 |
|u http://vlex.com/source/baja-causa-finalizacion-relacion-societaria-persona-socia-sociedad-cooperativa-31438
|z Acceso restringido
|
| 942 |
|
|
|c BOOK
|
| 999 |
0 |
|
|a Commercial and Company Law
|